000 00270nam a2200121Ia 4500
008 190216s9999||||xx |||||||||||||| ||und||
100 _aNull
245 0 _aHindi-Ishabashyom Paniband
260 _bPragathi Prakashan
300 _a158
650 _aHindi
942 _cBK
999 _c15667
_d15667